KEY TOPICS IN OTOLARYNGOLOGY (Record no. 802208)

MARC details
000 -LEADER
fixed length control field 00375pam a2200145 a 4500
020 ## - INTERNATIONAL STANDARD BOOK NUMBER
International Standard Book Number 1872748686
Terms of availability
041 ## - LANGUAGE CODE
Language code of text/sound track or separate title eng
082 ## - DEWEY DECIMAL CLASSIFICATION NUMBER
Classification number 617.51
Item number ROL
100 ## - MAIN ENTRY--PERSONAL NAME
Personal name ROLAN N . J. MCRAE R. D . MCCOMB A .W. .
245 ## - TITLE STATEMENT
Title KEY TOPICS IN OTOLARYNGOLOGY
Medium Textual Documents
260 ## - PUBLICATION, DISTRIBUTION, ETC.
Place of publication, distribution, etc. MUMBAI
Name of publisher, distributor, etc. BIOS SCIENFIC
Date of publication, distribution, etc. 1995.
300 ## - PHYSICAL DESCRIPTION
Extent 349:
Other physical details XI;
Dimensions PB.
650 ## - SUBJECT ADDED ENTRY--TOPICAL TERM
Topical term or geographic name entry element ENT
930 ## - EQUIVALENCE OR CROSS-REFERENCE-UNIFORM TITLE HEADING [LOCAL, CANADA]
Uniform title 7681
Holdings
Withdrawn status Lost status Damaged status Not for loan Collection Home library Current library Date acquired Source of acquisition Cost, normal purchase price Total Checkouts Full call number Barcode Date last seen Copy number Price effective from Koha item type
          Medical College & Hospital, Sangli Medical College & Hospital, Sangli 20/10/2016 B.M.S.G.B.PUNE 2054.52   617.51 ROL MCS-13568 26/07/2023 1 26/07/2023 Book